Thực hành Thương mại điện tử với ASP và SQL server
.
Shranjeno v:
| Glavni avtor: | |
|---|---|
| Drugi avtorji: | |
| Format: | Knjiga |
| Jezik: | Vietnamese |
| Izdano: |
H.
Nxb Thống Kê
2001
|
| Teme: | |
| Oznake: |
Označite
Brez oznak, prvi označite!
|
| Thư viện lưu trữ: | Mạng thư viện Đại học Đà Nẵng |
|---|
| LEADER | 01096nam a2200349 4500 | ||
|---|---|---|---|
| 001 | 000012965 | ||
| 003 | 9291 | ||
| 005 | 20120305150331.0 | ||
| 008 | 120305s2001 viesd | ||
| 020 | |c 85000đ | ||
| 041 | 0 | |a vie | |
| 082 | |a 005.26 |b JE-N | ||
| 100 | 0 | |a Jerke. Noel |e Tác giả | |
| 245 | 0 | |a Thực hành Thương mại điện tử với ASP và SQL server |c Jerke. Noel | |
| 260 | |a H. |b Nxb Thống Kê |c 2001 | ||
| 300 | |a 761 tr |c 21 cm | ||
| 520 | |a . | ||
| 653 | |a Thực hành | ||
| 653 | |a Thương mại điện tử | ||
| 653 | |a ASP và SQL | ||
| 653 | |a Tin học | ||
| 700 | |a Quan Như Hà |e Biên dịch | ||
| OWN | |a LSP | ||
| AVA | |a UDN50 |b LSP |d 005.26 JE-N |e available |t Error 5001 Not defined in file expand_doc_bib_avail. |f 5 |g 0 |h N |i 0 |k 1 | ||
| 999 | |a From the UDN01 | ||
| AVA | |a UDN50 |b LSP |d 005.26 JE-N |e available |t Error 5001 Not defined in file expand_doc_bib_avail. |f 5 |g 0 |h N |i 0 |k 1 | ||
| TYP | |a Monograph | ||
| TYP | |a Printed language | ||
| 980 | |a Mạng thư viện Đại học Đà Nẵng | ||